000 00305nam a2200109Ia 4500
008 180205s9999 xx 000 0 und d
020 _a9718928332
100 _aBauzon, Orlando D.
245 _cDe-Jesus, Virginia B
_aTeam sports /
260 _aDagupan City
_bSLA publishing
_c2000
300 _aii, 160 pages
999 _c354873
_d354873